000 00417nam a2200169Ia 4500
003 GCL
008 140319s9999 xx 000 0 eng d
040 _aGCL /
_cGCL
082 0 4 _a822
_bD C
100 1 _aDICKENS, CHARLES
245 1 0 _aA CHRISTMAS CAROL /
_cDICKENS, CHARLES
260 _a[S.N] :
_bLONGMAN ،
_c1993
300 _a107 P
650 0 4 _aENGLISH LITERATURE
650 0 4 _aLITERATURE
942 _2ddc
_cBK
999 _c24622
_d24622